000 00333nam a2200133Ia 4500
008 190216s9999||||xx |||||||||||||| ||und||
100 _aRichtmyer-Kennard-Cooper
245 0 _aIntroduction To Modern Physics
250 _a6th ed
260 _bTata Mcgrawhill Publishers
_c1976
300 _a767 p
650 _aPhysics
942 _cBK
999 _c33308
_d33308